| 000 | 00697nam a2200193Ii 4500 | ||
|---|---|---|---|
| 003 | JO-AjNU | ||
| 008 | 230605s9999||||xx |||||||||||||| ||und|| | ||
| 040 |
_aJO-AjNU _bara _erda _cJO-AjNU |
||
| 041 | _aara | ||
| 050 | 1 | 4 | _aDS154.55.B32 1997 |
| 100 | 3 |
_aتاليف بدارنة، محمد سلطان, _eauthor _950627 |
|
| 245 | 0 | 0 | _aمواقف هاشمية خلال الفترة 1987-1991 م |
| 264 | 3 | 1 | _aد.م: د.ن، 1997 |
| 300 |
_a137ص _b صور توضيحية |
||
| 336 |
_atext _btxt _2rdacontent |
||
| 337 |
_aunmediated _bn _2rdamedia |
||
| 338 |
_avolume _bnc _2rdacarrier |
||
| 650 | 4 |
_aالاردن-تاريخ- الحسين بن طلال، ملك الاردن 1952-1999 م _950628 |
|
| 999 |
_aA22313 _c25881 _d25881 |
||